Diseño de un sistema de administración de proyectos en el Centro de Planificación y Programación Institucional de la UNED
Guardat en:
| Autor principal: | |
|---|---|
| Altres autors: | |
| Format: | Llibre |
| Publicat: |
[San José, Costa Rica]
2005
|
| Matèries: | |
| Etiquetes: |
Afegir etiqueta
Sense etiquetes, Sigues el primer a etiquetar aquest registre!
|
MARC
| LEADER | 00000nam a2200000Ia 4500 | ||
|---|---|---|---|
| 003 | 009466 | ||
| 005 | 20221231144133.0 | ||
| 008 | 140114s2005 cr a m 000 ||s d | ||
| 040 | |c cru CEDI | ||
| 090 | |a TFG 5006 | ||
| 100 | |a Murillo Rivera, Leonardo |9 6144 | ||
| 245 | |a Diseño de un sistema de administración de proyectos en el Centro de Planificación y Programación Institucional de la UNED | ||
| 260 | |c 2005 |a [San José, Costa Rica] | ||
| 300 | |a viii, 83, [141] hojas : ilustraciones | ||
| 500 | |a Proyecto de graduación (licenciatura en ingeniería industrial)--Universidad de Costa Rica. Facultad de Ingeniería. Escuela de Ingeniería Industria | ||
| 650 | |x UNIVERSIDAD ESTATAL A DISTANCIA (COSTA RICA). VICERRECTORIA DE PLANIFICACION. CENTRO DE PLANIFICACION Y PROGRAMACION INSTITUCIONAL |x ADMINISTRACION DE PROYECTOS |x CONTROL DE CALIDAD |x SISTEMAS DE INFORMACION |9 6146 | ||
| 700 | |9 6145 |a Pacheco Arias, Daniel | ||
| 942 | |c TFG | ||
| 999 | |c 17417 |d 17417 | ||
